000 00543nam a22001817a 4500
008 131030b xxu||||| |||| 00| 0 eng d
020 _a9-7893-2595-5400
082 _221 ed.
_a344.4201
_bSRI
100 _aSrivastava, SC
245 _aIndustrial relations and labour laws /
_c SC Srivastava
250 _a6 ed.
260 _aIndia :
_bVikas publishing House Pvt Ltd.
_c2012
300 _axlix, 739 P. ;
_c24 cm.
500 _aIncludes Index
650 _aLabour laws
650 _aIndustrial relations and labour laws
942 _2ddc
_cBK
999 _c5816
_d5816